[Event "Online Olym Top DivC 2021"]
[Site "chess.com INT"]
[Date "2021.09.11"]
[Round "9.5"]
[Board "5"]
[White "Melian, Juan Sebastian"]
[Black "Bronstein, Or"]
[Result "0-1"]
[WhiteTitle "CM"]
[BlackTitle "IM"]
[WhiteElo "1978"]
[BlackElo "2484"]
[WhiteTeam "Paraguay"]
[BlackTeam "Israel"]
[WhiteFideId "3706575"]
[BlackFideId "2815770"]
[EventDate "2021.09.09"]
[EventType "team"]

1. d4 Nf6 2. Nf3 g6 3. Bg5 Bg7 4. Nbd2 O-O 5. c3 d6 6. e4 Nbd7 7. Be2 e5 8. dxe5
dxe5 9. O-O h6 10. Bh4 Qe8 11. Qc2 a5 12. a4 Nc5 13. Rfe1 Bd7 14. b3 Nh5 15. Bf1
Nf4 16. Rad1 g5 17. Bg3 Ng6 18. Bc4 Qe7 19. Nf1 g4 20. N3d2 h5 21. f3 Qg5 22.
Kh1 Rad8 23. Bf2 Ne6 24. Be3 Nef4 25. g3 h4 26. gxf4 exf4 27. Bd4 g3 28. Nb1 Bh3
29. Kg1 g2 30. Ne3 fxe3 31. Bxe3 Qh5 32. Qf2 Be5 33. Rxd8 Rxd8 34. f4 Bg7 35.
Be2 Bg4 36. Bxg4 Qxg4 37. Qxg2 Qh5 38. f5 h3 39. Qe2 Qxe2 40. Rxe2 Rd1+ 41. Kf2
Rxb1 42. fxg6 fxg6 43. Bf4 Rxb3 44. e5 Bf8 45. e6 Bc5+ 46. Kf3 Rxc3+ 47. Kg4 Kf8
48. Kg5 Rc4 49. Bd2 Rxa4 50. Kxg6 Rg4+ 51. Kf5 Rg2 52. Bh6+ Ke8 53. Re1 Rxh2 54.
Rd1 Rf2+ 55. Kg6 Be7 0-1

[Event "Online Olym Top DivC 2021"]
[Site "chess.com INT"]
[Date "2021.09.11"]
[Round "9.5"]
[Board "6"]
[White "Levitan, Ronit"]
[Black "Perez Canete, Dora Romina"]
[Result "1-0"]
[WhiteTitle "WCM"]
[WhiteElo "2171"]
[BlackElo "1398"]
[WhiteTeam "Israel"]
[BlackTeam "Paraguay"]
[WhiteFideId "2815109"]
[BlackFideId "3704890"]
[EventDate "2021.09.09"]
[EventType "team"]

1. e4 e5 2. Nf3 d6 3. d4 exd4 4. Nxd4 Nf6 5. Nc3 Be7 6. Bd3 O-O 7. O-O Bg4 8. f3
Bh5 9. Qe1 d5 10. e5 Bc5 11. Be3 Nfd7 12. Nb3 Bxe3+ 13. Qxe3 Re8 14. f4 Nb6 15.
Qh3 Bg6 16. f5 Rxe5 17. fxg6 hxg6 18. Rae1 Rh5 19. Qf3 Qd7 20. Nc5 Qd6 21. Qxf7+
Kh7 22. h3 Qxc5+ 23. Kh1 Qd6 24. Re6 1-0